000 00422nam a2200193Ia 4500
008 210210b1949 xxu||||| |||| 00| 0 eng d
041 _aeng
082 _a911/40
100 _aMORTON (H V)
245 _aIn search of South Africa
260 _aLondon
_bMethuen & co ltd
_c1949
650 _aSouth
650 _asearch
650 _aof
650 _aIn
650 _aAfrica
690 _aTravel
906 _a024712
999 _c150334
_d150334